Guess the word - Statistics

General Stats
  • This quiz has been taken 26 times
  • The average score is 7 of 15
Answer Stats
Hint Answer % Correct
wʌɪnd wind
86%
bʊk book
81%
strɪkt strict
76%
bɑːn barn
62%
krʌɪm crime
57%
ˈɛksəsʌɪz exercise
52%
həˈləʊ,hɛˈləʊ hello
43%
trɛʒə treasure
43%
vʌɪs vice
38%
əˈlʌɪt alight
33%
dʒɑː jar
33%
kweɪl quail
29%
tʃɪə cheer / chair
19%
ləʊd load
19%
zʌɪləm xylem
10%
No matching quizzes found
Score Distribution
Percent of People with Each Score
Percentile by Number Answered
Your Score History
You have not taken this quiz